|
|
|
|
| LEADER |
00000nam a22000007a 4500 |
| 005 |
20130125140747.0 |
| 007 |
cr|||| |||| |
| 008 |
130125e2007 mx |||||s|||| 00||0 spa d |
| 020 |
|
|
|a 968527830X
|
| 035 |
|
|
|a 6835
|
| 040 |
|
|
|a vLex
|
| 090 |
|
|
|c 3616
|d 3616
|
| 100 |
1 |
0 |
|a Parent Jacquemin, Juan Mara̕
|
| 245 |
1 |
3 |
|a La accin̤ no-violenta
|b Bases ter̤icas y sugerencias prc̀ticas
|h [Recurso electrn̤ico]
|
| 256 |
|
|
|a Servicio en ln̕ea
|
| 260 |
|
|
|a Tlalnepantla de Baz :
|b Comisin̤ de Derechos Humanos del Estado de Mx̌ico (CODHEM),
|c 2007
|
| 300 |
|
|
|a 1 Recurso electrn̤ico
|
| 650 |
0 |
4 |
|a Paz
|x Enseąnza
|
| 650 |
0 |
4 |
|2 Derechos humanos
|
| 740 |
|
|
|a VLex Libros (Servicio en ln̕ea)
|
| 856 |
|
|
|a Acceso restringido
|u http://www.vlex.com/source/6835
|
| 942 |
|
|
|c BOOK
|
| 999 |
|
0 |
|a Peace
|